Click the TV Theme II Quiz Stats

 Plays Quiz Updated Jun 18, 2015

Score 0/22 Timer 04:00
0 Plays Today
% Correct
Friends
94.6%
The Beverly Hillbillies
82.9%
Happy Days
77%
The Andy Griffith Show
71.1%
CSI: Crime Scene Investigation
59.4%
Dawson's Creek
58.6%
The O.C.
55.7%
Laverne and Shirley
55.1%
The Lone Ranger
55%
The Greatest American Hero
53.7%
Jeopardy!
53.6%
% Correct
The Benny Hill Show
53.3%
Gunsmoke
53.2%
Growing Pains
50.7%
The Fall Guy
50%
Pretty Little Liars
49%
The Mary Tyler Moore Show
47.1%
Step by Step
46.3%
CSI: NY
44.6%
Alfred Hitchcock Presents
43.9%
Weeds
41.1%
Entourage
29.5%

You're not logged in!

Compare scores with friends on all Sporcle quizzes.
OR
Log In

Show Comments

Extras

Top Quizzes Today


Score Distribution

Your Account Isn't Verified!

In order to create a playlist on Sporcle, you need to verify the email address you used during registration. Go to your Sporcle Settings to finish the process.

Report this User

Report this user for behavior that violates our Community Guidelines.

Details: